Statystyki dla Trasa Autobusu 311 Warszawa

Kliknij tutaj aby rozwiązać quiz!

Ogólne statystyki

  • Ten quiz został rozwiązany 18 razy
  • Średni wynik to 6 z 20

Statystyki odpowiedzi

UlicePrzystanki% Poprawnych
Gen. Tadeusza Bora-KomorowskiegoGocław
86%
Gen. Romana AbrahamaUmińskiego
57%
Janusza MeissneraAbrahama
43%
PodskarbińskaKamionek
43%
JugosłowiańskaMeissnera
43%
GrochowskaMiędzyborska
43%
PoligonowaPoligonowa
43%
TerespolskaTerespolska
43%
JugosłowiańskaOsiedle Iskra
29%
GrochowskaPraga Południe-Ratusz
29%
MińskaTor Kolarski
29%
Jana Nowaka JeziorańskiegoBohaterewicza
14%
Gen. Augusta Emila Fieldorfa ,,Nila"Bukowskiego
14%
Jana Nowaka JeziorańskiegoKakowskiego
14%
PoligonowaKompasowa
14%
Janusza MeissneraOsiedle Jantar
14%
GenadierówOsiedle Majdańska
14%
Gen. Romana AbrahamaOsiedle Orlik
14%
GrenadierówSzpital Grochowski
14%
MiędzyborskaZbaraska
0%

Rozkład punktacji

Percentyl według liczby udzielonych odpowiedzi

Procent ludzi z każdym wynikiem

Twoja historia wyników

Nie rozwiązałeś tego quizu